00285nam a2200109Ia 4500008004100000041000800041082001400049100001500063245003800078260003500116300002400151240624s9999 xx 000 0 und d aeng a333.7 HAK aHAKSAR P N aSTORY OF MY CHILDHOOD ANY BOYHOOD c1989aMumbaibD. L. Shah Trust a130 : p. : cm. ; 22